| 000 | 00529nam a2200181Ia 4500 | ||
|---|---|---|---|
| 008 | 090122s9999 xx 000 0 und d | ||
| 082 |
_b13358 _a910.09 |
||
| 100 |
_aराऊत _bभरतकुमार |
||
| 245 | _aअशीही मुंबई | ||
| 260 |
_bराजा _c2008 |
||
| 300 | _a141 | ||
| 501 | _aरोहित बुक सेंटर | ||
| 600 | _aराऊत | ||
| 630 | _aअशीही मुंबई | ||
| 700 | _aराऊत | ||
| 730 | _aअशीही मुंबई | ||
| 942 | _cBOOK | ||
| 999 |
_c37435 _d37435 |
||